| 000 | 01006nam a22002295i 4500 | ||
|---|---|---|---|
| 001 | 155493 | ||
| 003 | ES-MaACL | ||
| 005 | 20251015145326.0 | ||
| 008 | 050920s1880 sp | |||||||| ||spa d | ||
| 245 | 0 | 0 |
_aHistorias de clínica quirúrgica (segundo curso) / _crevisadas por Juan Creus y Manso ; publicadas por Manuel Tapia y Juan Azúa. |
| 260 |
_aMadrid : _b[s.n.], _c1880 ( _fImp. de Enrique Teodoro) |
||
| 300 |
_a205 p. ; _c22 cm. |
||
| 594 | _aPrecede al tit.: Facultad de Medicina de Madrid. Curso de 1879 á 1880. | ||
| 650 | 4 |
_aCirugía- _vCasos clínicos. _9139190 |
|
| 700 | 1 |
_aTapia y Serrano, Manuel. _9109246 |
|
| 700 | 1 |
_aCreus y Manso, Juan. _941578 |
|
| 700 | 1 |
_aAzúa y Suárez, Juan de, _d1858-1922 _9141521 |
|
| 852 | 4 |
_aES-MaACL _jG-15437(3) _z- Enc. hol. |
|
| 852 | 4 |
_aES-MaACL _jT-424-F-15 _z- Sólo 2º cuaderno, p. 83-205 |
|
| 852 |
_aES-MaACL _jT-432-F-15 _q.- Solo pág. 1-73 _z.- Dedicatoria autógrafa de Manuel Tapia a Gustavo Saenz Diez |
||
| 999 |
_c155493 _d155493 |
||